000 01118cab a2200253 4500
001 ABS44531
008 090401t1991 xxu||||| |||| 00| 0 eng d
035 _a(Sirsi) u47684
041 _aeng
100 _aRosenbaum, D.B
245 _aPioneers plead for green design
260 _c1991
350 _a0
490 _aEngineering News Record
_v226(19) May 13 1991, 26-28(3)
520 _aA manual entitled " Environmental Resource Guide " is to be published by the American Institute of Architects as part of a campaign to inform architects of the environmental consequences of design for energy efficiency , choice of building materials , and methods of disposal of redundant materials. Aluminium is the product which specifically comes up for examination here. By using available technology, the increased costs of " green architecture " can be minimised.
650 _aARCHITECTURE
650 _aBUILT ENVIRONMENT-CONSTRUCTION DESIGN
650 _aCONSERVATION
650 _aGREEN ISSUES
650 _aRECYCLING
690 _aENVIRONMENTAL AND LAND CONSULTANCY
942 _n0
948 _c04/03/1997
999 _c30055
_d30055